|
|
|
|
| LEADER |
00000ntm a22000007a 4500 |
| 001 |
62998 |
| 003 |
CZ-ZlUTB |
| 005 |
20240830155238.0 |
| 007 |
ta |
| 008 |
120213s2011 xr ad f m 000 0 eng d |
| 040 |
|
|
|a ZLD002
|b cze
|
| 041 |
0 |
|
|a eng
|b cze
|
| 072 |
|
7 |
|a 620.1/.2
|x Nauka o materiálu
|2 Konspekt
|9 19
|
| 080 |
|
|
|a 620.2-022.532-039
|2 MRF
|
| 080 |
|
|
|a 678.742.2/.3
|2 MRF
|
| 080 |
|
|
|a 539.2/.5
|2 MRF
|
| 080 |
|
|
|a 519.673
|2 MRF
|
| 080 |
|
|
|a (043.3)378.245
|2 MRF
|
| 100 |
1 |
|
|a Kubišová, Hana
|4 dis
|
| 245 |
1 |
4 |
|a The study of using of nanofillers in polyolefinic matrix
|h [rukopis] :
|b English doctoral thesis = Studium možností použití nanoplniv v polyolefinické matrici /
|c Hana Kubišová ; supervisor Dagmar Měřínská
|
| 246 |
3 |
1 |
|a Studium možností použití nanoplniv v polyolefinické matrici
|
| 260 |
|
|
|c 2011
|
| 300 |
|
|
|a 69 l. :
|b il. ;
|c 25 cm
|
| 500 |
|
|
|a Studijní obor "2808V006 Technology of macromolecular compounds
|
| 502 |
|
|
|a Disertace (PhD.)--Univerzita Tomáše Bati ve Zlíně, Fakulta technologická, Ústav inženýrství polymerů, 2011
|
| 504 |
|
|
|a Obsahuje bibliografii
|
| 546 |
|
|
|a České resumé
|
| 650 |
0 |
7 |
|a nanokompozitní materiály
|7 ph386360
|2 czenas
|
| 650 |
0 |
7 |
|a polyolefiny
|7 ph398378
|2 czenas
|
| 650 |
0 |
7 |
|a fyzikální vlastnosti materiálů
|7 ph392377
|2 czenas
|
| 650 |
0 |
7 |
|a matematické modely
|7 ph543021
|2 czenas
|
| 650 |
0 |
9 |
|a nanocomposites
|2 eczenas
|
| 650 |
0 |
9 |
|a polyolefins
|2 eczenas
|
| 650 |
0 |
9 |
|a physical properties of materials
|2 eczenas
|
| 650 |
0 |
9 |
|a mathematical models
|2 eczenas
|
| 655 |
|
7 |
|a doktorské disertace
|2 czenas
|
| 655 |
|
9 |
|a higher doctoral dissertations
|2 eczenas
|
| 700 |
1 |
|
|a Měřínská, Dagmar,
|d 1969-
|7 mzk2006368155
|4 ths
|
| 710 |
2 |
|
|a Univerzita Tomáše Bati ve Zlíně.
|b Technologická fakulta
|7 kn20010709223
|4 dgg
|
| 910 |
|
|
|a ZLD002
|
| 952 |
|
|
|0 0
|1 0
|4 0
|6 KKUBIŠOVÁH
|7 0
|8 MANUS
|9 114618
|a UTBZL
|b UTBZL
|c 001
|d 2012-02-13
|l 0
|o K/KUBIŠOVÁ,H.
|p 420010143094
|r 2019-08-26 00:00:00
|v 100.00
|w 2019-08-26
|x N:povinný výtisk; | 20100831
|y 12
|
| 992 |
|
|
|a BK
|c vs
|
| 999 |
|
|
|c 62998
|d 62998
|
| 993 |
|
|
|x NEPOSILAT
|y VSKP
|